Mesiac Panny Marie t.j. mesiac máj zasvätený úcte Preblahoslavenej Panny Marie

Bibliographic Details
Main Author: Mrowiński, Valerian, 1832-1901 (Author)
Other Authors: Magda (Translator)
Format: Book
Language:Slovak
Polish
PhysicalDescription:211 s. 19 cm
Published: Trnava [s.n.] ilustr. 1923
Subjects:

MARC

LEADER 00000cam a2200000 a 4500
001 vtls008386468
003 SK-MaSNL
005 20260302053002.0
008 251124s1923 xo 000 0 slo
015 |a SNBA19191938-007577 
035 |a SK01SNKBSKHR20010078685 
035 |a urn:nbn:sk:snk-am3hv6z 
035 |a 6517F87C-544B-4D0B-86F3-A9709A5DD571 
035 |a urn:nbn:sk:snk-am00da5p 
035 |a SKM000081148 
040 |a SNK  |b slo  |c SNK  |e AACR2 
041 1 |a slo  |h pol 
044 |a xo  |c SK 
080 |a 27-312.47  |2 2001 
080 |a (048.8)  |2 2001 
100 1 |a Mrowiński, Valerian,  |d 1832-1901  |4 aut  |9 710421 
245 1 0 |a Mesiac Panny Marie t.j. mesiac máj zasvätený úcte Preblahoslavenej Panny Marie  |c Valerian Mrowiński ; slobodne poslovenčila a všetkým ctiteľom marianskym venuje Magda 
260 |a Trnava  |b [s.n.]  |b ilustr.  |c 1923  |e Trnava  |f Lev 
300 |a 211 s.  |c 19 cm 
500 |a Frontispice 
500 |a Pravdepodobne preložené z poľštiny 
600 0 7 |a Mária,  |c matka Ježišova, svätá  |2 SNKMA  |9 157751 
650 0 7 |a mariológia  |2 SNKPH  |9 1997 
650 0 7 |a mariánsky kult  |2 SNKPH  |9 1996 
650 0 7 |a katolícke pobožnosti  |2 SNKPH  |9 64564 
655 7 |a príručky  |2 SNKPH  |9 74364 
700 0 |a Magda  |4 trl  |9 45456 
958 |a ONDV 
958 |a RK 
958 |a TL 
999 |c 1107561  |d 1109491 
952 |a SNK  |b SNK  |y VYP  |7 0  |p 17A0542938  |o snkSD 4322 D1  |i snkKSF 1737/56  |8 5  |3 rekatalogizácia  |0 0  |1 0  |4 0  |d 2007-04-04  |l 0  |r 2026-02-24 17:50:34  |w 2026-02-24 
952 |a SNK  |b SNK  |y PREZ  |7 0  |p 17A0895358  |o snkSD 4322  |i snk1700/38  |0 0  |1 0  |4 0  |d 2018-03-12  |f 1  |l 0  |r 2025-11-10 00:00:00  |w 2026-02-24